000 00222 a2200097 4500
001 47925
100 _aBarker D
245 _aThe Common Wealth Welive In
260 _aLondon
_bHer Majesty's Ltd
_c
090 _c30920
_d30920
942 _aNUST-CAE
_cM
_c23248
999 _c282998
_d282998